• 首页
  • 本馆介绍
  • 公告通知
  • 最新文献
  • 馆藏检索
  • 电子资源
  • 读者导购
  • 参考咨询
  • 我的图书馆
  • 登录
  • 详细信息显示
  • 放入我的书架
  • 预约/预借图书
  • 作者相关作品
  • 分类相关作品
  • 丛书相关作品
  • 出版社相关作品

书目信息

  • 表格格式
  • 工作单格式
  • 卡片格式
题名:
吴经熊法学文选
    
 
作者: 吴经熊 著 ;孙伟 , 李冬松 编译
分册:  
出版信息: 北京   中国政法大学出版社  2012.07
页数: 499页
开本: 23cm
丛书名:
单 册:
中图分类: D90-53
科图分类:
主题词: 法学--文集 , 法学
电子资源:
ISBN: 978-7-5620-4353-9
000 00932nam0 2200277 450
001 005554740
005 20130427082220.29
010    @a978-7-5620-4353-9@dCNY59.00
100    @a20120907d2012 em y0chiy50 ea
101 0  @achi@aeng
102    @aCN@b110000
105    @ay z 000yy
106    @ar
200 1  @a吴经熊法学文选@9wu jing xiong fa xue wen xuan@dSelected legal works of John C.H. Wu@f吴经熊著@g孙伟,李冬松编译@zeng
210    @a北京@c中国政法大学出版社@d2012.07
215    @a499页@d23cm
330    @a本书共分上下两卷,内容包括法哲学:司法哲学及判例;中国古代法研究;法学人物研究等。
510 1  @aSelected legal works of John C.H. Wu@zeng
606 0  @a法学@j文集
606 0  @a法学
690    @aD90-53@v5
701  0 @a吴经熊@9wu jing xiong@4著
702  0 @a孙伟@9sun wei@f(1980-)@4编译
702  0 @a李冬松@9li dong song@f(1977-)@4编译
801  0 @aCN@bNLC@c20120907
905    @b542348-52@dD90-53@e452@f5
    
    吴经熊法学文选=Selected legal works of John C.H. Wu/吴经熊著/孙伟,李冬松编译.-北京:中国政法大学出版社,2012.07
    499页;23cm
    
    
    ISBN 978-7-5620-4353-9:CNY59.00
    本书共分上下两卷,内容包括法哲学:司法哲学及判例;中国古代法研究;法学人物研究等。
●
相关链接 在E读中查询图书 在五车中查询图书 在当当中查询图书 在豆瓣中查询图书


正题名:吴经熊法学文选     索取号:D90-53/452         预约/预借

序号 登录号 条形码 馆藏地/架位号 状态 备注
1 542348   205423488   第一样本阅览室/ [索取号:D90-53/452] 在馆    
2 542349   205423497   史法系资料室/ [索取号:D90-53/452] 在馆    
3 542350   205423503   第一借阅区/ [索取号:D90-53/452] 在馆    
4 542351   205423512   第一借阅区/ [索取号:D90-53/452] 在馆    
5 542352   205423521   第一借阅区/ [索取号:D90-53/452] 在馆    
唐山师范学院图书馆 欢迎您!
大连网信软件有限公司© 版权所有